ˆ[‰Издания]. № 5: От кружка юннатов к детскому колхозу (Запись № 13582455)

Подробности
000 -МАРКЕР
контрольное поле 01039nam2a2200229 4500
001 - ИДЕНТИФИКАТОР ЗАПИСИ
контрольное поле rc\2871260
005 - ИДЕНТИФИКАТОР ВЕРСИИ
контрольное поле 20260315051648.0
035 ## - ДРУГИЕ СИСТЕМНЫЕ НОМЕРА
Идентификатор записи (NLR Aleph) 007024613
100 ## - ДАННЫЕ ОБЩЕЙ ОБРАБОТКИ
Данные общей обработки 20110714d1930 u y0rusy50 ca
101 0# - ЯЗЫК РЕСУРСА
Язык текста, звукозаписи и т.д. русский
102 ## - СТРАНА ПУБЛИКАЦИИ ИЛИ ПРОИЗВОДСТВА
Страна публикации Российская Федерация
105 ## - ПОЛЕ КОДИРОВАННЫХ ДАННЫХ: ТЕКСТОВЫЕ МАТЕРИАЛЫ, МОНОГРАФИЧЕСКИЕ
Кодированные данные о монографическом текстовом документе y z |||||
200 1# - ЗАГЛАВИЕ И СВЕДЕНИЯ ОБ ОТВЕТСТВЕННОСТИ
Основное заглавие От кружка юннатов к детскому колхозу
210 ## - ПУБЛИКАЦИЯ, РАСПРОСТРАНЕНИЕ И ДР.
Дата издания, распространения и т.д. 1930
461 #0 - УРОВЕНЬ НАБОРА
Встроенное поле 001rc\2871257
-- 2001#$aˆ[‰Издания]$e№ 3-$fЯросл. бюро юных натуралистов при Соцвосе Окроно$v№ 5
Системный номер (АБИС) связанной записи 5942543
Автор Ярославское окружное бюро юных натуралистов
Место публикации Ростов-Ярославский
Дата публикации 1929-1930
Первые сведения об ответственности Яросл. бюро юных натуралистов при Соцвосе Окроно
Имя издателя, распространителя и т.д. Яросл. бюро натуралистов
Сведения, относящиеся к заглавию № 3-
Заглавие ˆ[‰Издания]
Номер тома № 5
700 #1 - ИМЯ ЛИЦА - ПЕРВИЧНАЯ ОТВЕТСТВЕННОСТЬ
Начальный элемент ввода Лермонтов
Часть имени, кроме начального элемента ввода Б.
801 #0 - ИСТОЧНИК ЗАПИСИ
Страна Российская Федерация
Организация NLR
Правила каталогизации psbo
801 #1 - ИСТОЧНИК ЗАПИСИ
Страна Российская Федерация
Организация ELAR
Источник данных rusmarc
852 ## - МЕСТОНАХОЖДЕНИЕ И ШИФР ХРАНЕНИЯ
Идентификатор организации NLR
Шифр хранения (Call Number) 30-15/100
942 ## - ДОПОЛНИТЕЛЬНЫЕ ЭЛЕМЕНТЫ ЗАПИСИ (АБИС)
Тип экземпляра АБИС Неопределено
980 ## - КОЛЛЕКЦИЯ
Название коллекции Национальная библиография

Нет доступных экземпляров.